000 00776nam a22002177a 4500
003 UA-OsUOA
001 74864
007 ta
008 20110418b un ||||| |||| 00| 0 ukr d
100 _aГородянська Л.
090 _a657
_bГ70
942 _cSA
040 _aUA-OsUOA
_bukr
_cUA-OsUOA
_dUA-OsUOA
245 _aМетодологічні засади формування системи аналізу відтворюваних економічних ресурсів в обліку
300 _aС.24-30
955 _a0
041 _aukr
080 _a657
773 0 _w74859
_tБухгалтерський облік і аудит
_dК.
_d2011
_g3
650 7 _a657 Бухгалтерія. Бухгалтерський облік. Рахівництво
_2UDC
999 _c361158
_d361158